The internet of things: key applications and protocols (Record no. 11545)

000 -LEADER
fixed length control field 00878cam a22002414a 4500
008 - FIXED-LENGTH DATA ELEMENTS--GENERAL INFORMATION
fixed length control field 110930s2012 enkab b 001 0 eng
020 ## - INTERNATIONAL STANDARD BOOK NUMBER
International Standard Book Number 9781119994350
020 ## - INTERNATIONAL STANDARD BOOK NUMBER
International Standard Book Number 1119994357
040 ## - CATALOGING SOURCE
Original cataloging agency DLC
Transcribing agency DLC
Modifying agency DLC
082 00 - DEWEY DECIMAL CLASSIFICATION NUMBER
Classification number 681.2
Edition number 23
100 1# - MAIN ENTRY--PERSONAL NAME
Personal name Hersent, Olivier.
245 14 - TITLE STATEMENT
Title The internet of things: key applications and protocols
Remainder of title key applications and protocols /
Statement of responsibility, etc. Olivier Hersent, David Boswarthick, Omar Elloumi.
260 ## - PUBLICATION, DISTRIBUTION, ETC.
Place of publication, distribution, etc. Chichester, West Sussex :
Name of publisher, distributor, etc. Wiley,
Date of publication, distribution, etc. 2012.
300 ## - PHYSICAL DESCRIPTION
Extent xxv, 344 p. :
Other physical details ill., maps ;
Dimensions 25 cm.
504 ## - BIBLIOGRAPHY, ETC. NOTE
Bibliography, etc. note Includes bibliographical references and index.
650 #0 - SUBJECT ADDED ENTRY--TOPICAL TERM
Topical term or geographic name entry element Intelligent buildings.
650 #0 - SUBJECT ADDED ENTRY--TOPICAL TERM
Topical term or geographic name entry element Smart power grids.
650 #0 - SUBJECT ADDED ENTRY--TOPICAL TERM
Topical term or geographic name entry element Sensor networks.
700 1# - ADDED ENTRY--PERSONAL NAME
Personal name Boswarthick, David.
700 1# - ADDED ENTRY--PERSONAL NAME
Personal name Elloumi, Omar.
856 42 - ELECTRONIC LOCATION AND ACCESS
Materials specified Cover image
Uniform Resource Identifier <a href="http://catalogimages.wiley.com/images/db/jimages/9781119994350.jpg">http://catalogimages.wiley.com/images/db/jimages/9781119994350.jpg</a>
942 ## - ADDED ENTRY ELEMENTS (KOHA)
Source of classification or shelving scheme
Koha item type Book
Holdings
Withdrawn status Lost status Damaged status Not for loan Collection code Permanent Location Current Location Shelving location Date acquired Source of acquisition Cost, normal purchase price Total Checkouts Full call number Barcode Date last seen Date last checked out Price effective from Koha item type
          Central Library (CL) Central Library (CL) General Stacks 01/24/2013 Progressive International Agencies 7681.54 2 681.2 HER SEECS011896 09/20/2016 09/20/2016 01/30/2013 Book
© 2023 Central Library, National University of Sciences and Technology. All Rights Reserved.